| 000 | 00947nam a22003257a 4500 | ||
|---|---|---|---|
| 001 | 0000902 | ||
| 003 | KOHA_MİRAKIL | ||
| 005 | 20260207001223.0 | ||
| 007 | ta | ||
| 008 | 081212b2008 tu |||gr||||#0|||1|tur | | ||
| 020 |
_a9754710106 _q9789754710106 _c36,535 |
||
| 040 |
_aTR-BiSEU _btur _cTR-BiSEU _erda |
||
| 041 | 0 | _atur | |
| 044 | _ctu | ||
| 050 |
_aPE1112 _b.I54 2008 |
||
| 245 | 0 |
_aİngilizce dilbilgisi/ _ceditör Bahire Şerif. |
|
| 264 | 1 |
_aİstanbul : _bFono Yayınları _c2008 |
|
| 300 | _a590 sayfa: tablo | ||
| 336 |
_ametin _btxt _2rdacontent |
||
| 337 |
_aaracısız _bn _2rdamedia |
||
| 338 |
_acilt _bnc _2rdacarrier |
||
| 490 | 1 |
_aFono yayınları ; _v062. |
|
| 490 | 1 | _aGramer kitapları dizisi. | |
| 650 | 0 |
_aEnglish language--Grammar. _93478 |
|
| 650 | 0 |
_aEnglish language--grammar. _93479 |
|
| 830 | 1 |
_aFono yayınları ; _v062. _91580 |
|
| 830 | 1 |
_aGramer kitapları dizisi. _93480 |
|
| 907 | _aDil | ||
| 942 |
_2lcc _cBK |
||
| 999 |
_c897 _d897 |
||